Court, Kirk, and Community : Scotland 1470-1625 /

Bibliographic Details
Main Author: Wormald, Jenny (Author)
Format: Book
Language:English
Published: Edinburgh : Edinburgh University Press, [2018]
Series:New history of Scotland (Edinburgh University Press) ; v. 4.
Subjects:

MARC

Tag First Indicator Second Indicator Subfields
LEADER 00000cam a2200000 i 4500
001 in00003988430
005 20191028130422.0
008 180501r20181981stk b 001 0 eng
010 |a  2018300484 
020 |a 9780748619405  |q (paperback) 
020 |a 0748619402  |q (paperback) 
020 |a 9780748619399  |q (hardback) 
020 |a 0748619399  |q (hardback) 
020 |z 9780748629015  |q (webready PDF) 
020 |z 9781474433594  |q (epub) 
024 8 |a 99977037277 
035 |a (OCoLC)on1022205044 
035 |a (OCoLC)1022205044 
040 |a DLC  |b eng  |e rda  |c DLC  |d BDX  |d HTM  |d YDX  |d NLE  |d OCLCF  |d UtOrBLW 
042 |a pcc 
043 |a e-uk-st 
049 |a TXAM 
050 0 0 |a DA784  |b .W66 2018 
082 0 4 |a 941.105  |2 23 
100 1 |a Wormald, Jenny,  |e author.  |0 http://id.loc.gov/authorities/names/n82079918 
245 1 0 |a Court, Kirk, and Community :  |b Scotland 1470-1625 /  |c Jenny Wormald. 
264 1 |a Edinburgh :  |b Edinburgh University Press,  |c [2018] 
264 4 |c ©1981 
300 |a xv, 264 pages ;  |c 22 cm 
336 |a text  |b txt  |2 rdacontent 
337 |a unmediated  |b n  |2 rdamedia 
338 |a volume  |b nc  |2 rdacarrier 
490 1 |a The new history of Scotland ;  |v vol. 4 
500 |a "First published 1981 in the New history of Scotland series by Edward Arnold (Publishers) Ltd, and reprinted 1991, 1992, 1997, 2001, 2005 and 2007 by Edinburgh University Press"--Title page verso. 
504 |a Includes bibliographical references and index. 
505 0 0 |g I  |t Renaissance Scotland: the reigns of James III, IV, and V --  |g 1.  |t Politics and government --  |g 2.  |t The local community --  |g 3.  |t Town and country --  |g 4.  |t Poets, scholars, and gentlemen --  |g II  |t The Reformation --  |g 5.  |t The pre-Reformation church --  |g 6.  |t The growth of Protestantism --  |g 7.  |t The Reformation --  |g 8.  |t The establishment of the reformed church --  |g III  |t Renaissance Scotland: the reigns of Mary and James VI --  |g 9.  |t The King's government --  |g 10.  |t The local community disturbed --  |g 11.  |t Cultural achievements --  |g Epilogue:  |t Scotland after 1603. 
650 0 |a Reformation.  |0 http://id.loc.gov/authorities/subjects/sh85112228 
651 0 |a Scotland  |x History  |y To 1500. 
651 0 |a Scotland  |x History  |y 15th century.  |0 http://id.loc.gov/authorities/subjects/sh85118839 
651 0 |a Scotland  |x History  |y 16th century.  |0 http://id.loc.gov/authorities/subjects/sh85118843 
651 0 |a Scotland  |x History  |y 17th century.  |0 http://id.loc.gov/authorities/subjects/sh85118847 
651 0 |a Scotland  |x Church history.  |0 http://id.loc.gov/authorities/subjects/sh85118808 
650 7 |a Reformation.  |2 fast  |0 (OCoLC)fst01092555 
651 7 |a Scotland.  |2 fast  |0 (OCoLC)fst01206715 
648 7 |a To 1699  |2 fast 
655 7 |a Church history.  |2 fast  |0 (OCoLC)fst01411629 
655 7 |a History.  |2 fast  |0 (OCoLC)fst01411628 
830 0 |a New history of Scotland (Edinburgh University Press) ;  |v v. 4.  |0 http://id.loc.gov/authorities/names/no98092323 
945 |b 623952 
947 |a A14850499907 
994 |a 92  |b TXA 
948 |a cataloged  |b h  |c 2018/07/13  |d c  |e blrosas  |f 9:49:32 am 
999 f f |s 785bae49-785a-35be-bc24-7faecf9970df  |i eecd8b8e-f70e-3d5d-af2a-e0b090e3f09b  |t 0 
952 f f |p normal  |a Texas A&M University  |b College Station  |c Sterling C. Evans Library  |d Evans: Library Stacks  |t 0  |e DA784 .W66 2018  |h Library of Congress classification  |i unmediated -- volume  |m A14850499907 
998 f f |a DA784 .W66 2018  |t 0  |l Evans: Library Stacks